000 00295nam a22001217a 4500
008 160512b xxu||||| |||| 00| 0 eng d
020 _a9780443074226
020 _a0443074224
041 _aeng
080 _a61
245 _aProgress in obstetrics and gynaecology:
_cJohn Studd;
942 _2udc
_cBK
999 _c2070
_d2070